000 01241nam a2200325Ia 4500
001 ebr10197031
003 CaPaEBR
006 m u
007 cr cn|||||||||
008 060530s2007 enka sb 001 0 eng d
020 _z0335219284 (hbk.) :
020 _z9780335219278 (pbk.) :
020 _z0335219276 (pbk.) :
040 _aCaPaEBR
_cCaPaEBR
035 _a(OCoLC)244953511
050 1 4 _aLB2369
_b.R84 2007eb
082 0 4 _a001.42
_222
100 1 _aRugg, Gordon.
245 1 2 _aA gentle guide to research methods
_h[electronic resource] /
_cby Gordon Rugg and Marian Petre.
260 _aMaidenhead :
_bOpen University Press,
_c2007.
300 _axii, 238 p. :
_bill.
504 _aIncludes bibliographical references and index.
533 _aElectronic reproduction.
_bPalo Alto, Calif. :
_cebrary,
_d2009.
_nAvailable via World Wide Web.
_nAccess may be limited to ebrary affiliated libraries.
650 0 _aResearch
_xMethodology.
650 0 _aDissertations, Academic.
655 7 _aElectronic books.
_2local
700 1 _aPetre, Marian,
_d1959-
710 2 _aebrary, Inc.
856 4 0 _uhttp://site.ebrary.com/lib/rucke/Doc?id=10197031
_zAn electronic book accessible through the World Wide Web; click to view
999 _c117481
_d117481